| 000 | 00501pab a2200181 454500 | ||
|---|---|---|---|
| 008 | 180718b2012 xxu||||| |||| 00| 0 eng d | ||
| 100 | _aKumar, A.D. Rajeev | ||
| 245 | _aRegional competitiveness and disparity in foreign tourist arrivals in Kerala | ||
| 260 | _c2012 | ||
| 300 | _ap.116-129. | ||
| 362 | _aJan | ||
| 650 | _aTourism - India - Kerala | ||
| 650 | _aTourism | ||
| 700 | _aSudheer, S.V. | ||
| 773 | _aSouth Asian Journal of Socio-Political Studies | ||
| 908 | _aN | ||
| 909 | _a96968 | ||
| 999 |
_c96968 _d96968 |
||